Soudobé přístupy k hodnocení výzkumu a vývoje v Evropském hospodářském společenství

Gespeichert in:
Bibliographische Detailangaben
1. Verfasser: Kadečka, J.
Format: Buch
Sprache:Tschechisch
Veröffentlicht: Praha Ústředí vědeckých, technických a ekonomických informací 1983
Tags: Tag hinzufügen
Keine Tags, Fügen Sie das erste Tag hinzu!

MARC

LEADER 00000nam a2200000 4500
001 c132012
005 20190620091611.9
041 0 |a cze 
044 |a CZ 
245 1 0 |a Soudobé přístupy k hodnocení výzkumu a vývoje v Evropském hospodářském společenství  |c J. Kadečka 
264 1 |a Praha  |b Ústředí vědeckých, technických a ekonomických informací  |c 1983 
300 |a 55 s. 
100 1 |a Kadečka, J.